Estatísticas para Programas do SporTV

Clique aqui para jogar o quiz

Estatísticas Gerais

  • Esse quiz foi jogado 23 vezes
  • A pontuação média é 7 de 12

Estatísticas das Respostas

Apresentador(a)Programa% Correto
Galvão BuenoBem, Amigos!
100%
Fred Ring e Bárbara CoelhoTá Na Área
94%
Marcelo BarretoRedação SporTV
83%
André RizekSeleção SporTV
78%
Fernando SaraivaSporTV News
72%
Thiago Maranhão e Roger FloresTroca de Passes
67%
Domitila Becker e Lucas StrabkoÉ Gol!!!
56%
Flávio CantoSensei Combate
33%
Lucas GutierrezGiro da Rodada
22%
Juliano CegliaEu Atleta
17%
Janaína XavierPlaneta SporTV
17%
Daniel PereiraFutebol Campeão
11%

Distribuição das Pontuações

Percentil de Números Respondidos

Porcentagem de Pessoas com Cada Pontuação

Sua Pontuação Histórica

Você não jogou esse quiz